000 00275nam a22001217a 4500
008 170619b xxu||||| |||| 00| 0 eng d
041 _aeng
080 _a32
100 _a20
101 _aSHP
245 _aTHE GROWTH OF THE AMERICAN REPUBLIC
_cMORISON,S.E
942 _2udc
_cBK
999 _c17998
_d17998